header

Public pulpits (Record no. 25535)

MARC details
000 -LEADER
fixed length control field 01375nam a2200349 a 4500
082 04 - DEWEY DECIMAL CLASSIFICATION NUMBER
Classification number 261.70973
100 1# - MAIN ENTRY--AUTHOR NAME
Personal name Tipton, Steven M.
245 10 - TITLE STATEMENT
Title Public pulpits
260 ## - PUBLICATION, DISTRIBUTION, ETC. (IMPRINT)
Place of publication Chicago :
Name of publisher University of Chicago Press,
Year of publication 2007.
300 ## - PHYSICAL DESCRIPTION
Number of Pages xvi, 556 p.
650 #0 - SUBJECT ADDED ENTRY--TOPICAL TERM
Topical Term Christianity and politics
856 40 - ELECTRONIC LOCATION AND ACCESS
Uniform Resource Identifier http://site.ebrary.com/lib/rucke/Doc?id=10265982

No items available.

© 2026 Rongo University
Contact us: librarian | system librarian | Rongo university